Регионална библиотека "Любен Каравелов" - Русе

Конклав (Запис номер 132896)

MARC детайли
000 -Лидер
Контролно поле с фиксирана дължина 01410nam a2200349 c 4500
003 - Код на организацията, давaща контролен номер
Контролно поле BLK
005 - Дата и час на последна редакция
Контролно поле 20211012175956.0
008 - Елементи от данни с фиксирана дължина
fixed length control field 180409b bul|||||r ||||||| ||bul||
010 ## - Наследен системен номер
LC control number KNG00138779000
020 ## - Международен стандартен номер на книга ISBN
Международен стандартен номер на книга ISBN 978-954-330-279-6
-- издат.: Унискорп
040 ## - Източник на каталожния запис
Идентификатор на билиотеката - собственик на записа BLK
041 ## - Код за език
Код за езика на текст/звукозапис или на отделно заглавие Български
Код за езика КДБФ Български
072 #7 - Код за тематичната категория
Код организация bullib
Код за тематична категория Н83
Текст Чужда художествена литература Н
080 ## - УДК
Текстов определител УДК Италианска литература
УДК код - определител по УДК 821.131.1
УДК определител -31
УДК - код + определител 821.131.1-31
100 1# - Редна дума - Автор
Автор Паци, Роберто
Авторска отговорност първи автор
R(LIN) 323490
139 ## - Редно поле
Редна дума Паци, Роберто
Авторски знак Пау - П 29
245 10 - Сведения за заглавието
Заглавие Конклав
Подзаглавни данни Роман
Редно поле (дума) Роберто Паци; прев. от итал. Велимира Костадинова Костова-Върлакова.
257 ## - Страна на издаване
Страна на създаване/издаване Италия
260 ## - Област на издателските данни
-- София
Име на издателя, разпространителя и проч. Унискорп
Година на издаване 2010
300 ## - Физическа характеристика
Страници 220 с.
Размери/Мащаб 21 см
380 ## - Жанр
Жанр Худож. лит.
490 1# - СЕРИИ (Колекции)
Име на серия Поредица Избрано за вас
500 ## - Общи забележки
Забележка Ориг. загл. Conclave / Roberto Pazzi. - Съдържа и за авт.
653 ## - Ключова дума – ненормативна
Ключова дума романи
659 ## - Тематичен бюлетин
Тематичен бюлетин Н
700 1# - Други автори (авторска отговорност)
Лично име Костова-Върлакова, Велимира Костадинова
Автороска отговорност (Описва отношението между автора и произведението) прев. от итал.
9 (RLIN) 370076
852 ## - Местоположение
Форматна сигнатура Цб 258064
856 4# - Електронен адрес и достъп
Електронен формат pdf - файл
Път до файла /url/
856 4# - Електронен адрес и достъп
Електронен формат pdf - файл
Път до файла /url/
942 ## - АРТИКУЛИ
Вид на библиотечния материал Книги
Скрит в OPAC Не
Koha issues (borrowed), all copies 3
944 ## - СЪЗДАВАНЕ И РЕДАКЦИЯ на ЗАПИСА
Създаване/Редакция Създаване
Дата на регистрацията/редакция 31.01.2013
Статус, дата на статуса ф /
Служител, извършил регистрацията/редакцията Людмила_Стоянова
944 ## - СЪЗДАВАНЕ И РЕДАКЦИЯ на ЗАПИСА
Създаване/Редакция Редакция
Дата на регистрацията/редакция 21.12.2016
Статус, дата на статуса ф /
Служител, извършил регистрацията/редакцията Пенка_Димитрова
999 ## - СИСТЕМНИ КОНТРОЛНИ НОМЕРА
Koha biblionumber 132896
Koha biblioitemnumber 132896
Наличности
Код за отписване Код за изгубен артикул Код за повреда Коз за рестрикции Код за отдаване Артикулен № Име на библиотеката - собственик Име на библиотеката, в която се намира в момента Статус (Текущо местоположение) Дата на вписване в системата Местоположение - отдел Цена в лева Инвентарен номер Систематично азбучна сигнатура Баркод Номер на екземпляра Цена в евро Служебна бележка Служебен тип на артикула
  Не е изгубен Не е повреден без рестрикции ползва се в читалня 216760 Регионална библиотека "Любен Каравелов" Русе Регионална библиотека "Любен Каравелов" Русе Хранилище 2013-01-29 Хранилище 12.00 120000763315 Цб 258064 120000763315 1 6.14 Дост: Dp Вид: Д N: 41 Дата: 10.10.2011 Книги
  Не е изгубен Не е повреден без рестрикции заемане за дома 216761 Регионална библиотека "Любен Каравелов" Русе Регионална библиотека "Любен Каравелов" Русе Заемна - подръчен фонд 2014-06-18 Заемна - подръчен фонд 5.00 120000778338 П 850-31/П 29 120000778338 2 2.56 Дост: DA Вид: А N: 9 Дата: 18.06.2014 Дата инв: 12.02.2018 Бележки инв: П2018 Книги
  Не е изгубен Не е повреден без рестрикции заемане за дома 216762 Регионална библиотека "Любен Каравелов" Русе Регионална библиотека "Любен Каравелов" Русе Заемна - подръчен фонд 2016-12-21 Заемна - подръчен фонд 5.00 120000806796 П 850-31/П 29 120000806796 3 2.56 Дост: Pk Вид: Ф N: 475 Дата: 19.12.2016 Дата инв: 12.02.2018 Бележки инв: П2018 Книги
Vip Innovations Ltd, Rousse, Bulgaria 2025